logo

Bir Sreshtho Munshi Abdur Rouf Library
Jhenaidah Cadet College

সমাজ দর্শন ও পরিবর্তন / (Record no. 14018)

MARC details
000 -LEADER
fixed length control field 00981nam a2200253 a 4500
001 - CONTROL NUMBER
JCCL Control Number 14018
003 - CONTROL NUMBER IDENTIFIER
JCCL marc code BD-JhCC
005 - DATE AND TIME OF LATEST TRANSACTION
control field 20240523140038.0
008 - FIXED-LENGTH DATA ELEMENTS--GENERAL INFORMATION
fixed length control field 180908s2004 bg |||| |||| 000 0 ben d
020 ## - INTERNATIONAL STANDARD BOOK NUMBER
International Standard Book Number 98407443221
035 ## - SYSTEM CONTROL NUMBER
system control number (BD-JhCC)14018
040 ## - CATALOGING SOURCE
Original cataloging agency BD-JhCC
Modifying agency BD-JhCC
041 ## - LANGUAGE CODE
Language code of Book ben
082 ## - DEWEY DECIMAL CLASSIFICATION NUMBER
Classification number 301.295492
Author mark and Year HOL 2004
100 ## - MAIN ENTRY--PERSONAL NAME
Personal name হোলজ্,হানস্ হাইনজ্
245 ## - TITLE STATEMENT
Title সমাজ দর্শন ও পরিবর্তন /
Statement of responsibility, etc হানস্ হাইনজ্ হোলজ্ অনু: হাসানুজ্জামান চৌধুরী ।
260 ## - PUBLICATION, DISTRIBUTION, ETC. (IMPRINT)
Place of publication, distribution, etc ঢাকা :
Name of publisher, distributor, etc বাংলাে একাডেমী;
Date of publication, distribution, etc ২০০৪.
300 ## - PHYSICAL DESCRIPTION
Pagination 207 p. :
Dimensions 22 cm.
650 ## - SUBJECT ADDED ENTRY--TOPICAL TERM
Topical term or geographic name as entry element Society, Civilization and Culture: Context Bangladesh
650 ## - SUBJECT ADDED ENTRY--TOPICAL TERM
Topical term or geographic name as entry element Studies and Essays on Society, Civilization and Culture
700 ## - ADDED ENTRY--PERSONAL NAME
Personal name চৌধুরী , হাসানুজ্জামান
942 ## - ADDED ENTRY ELEMENTS (KOHA)
Source of classification or shelving scheme Dewey Decimal Classification
Koha item type Books
Holdings
Source of classification or shelving scheme Damaged status Not for loan Home library Current library Shelving location Date of accession Cost, normal purchase price Total Checkouts Full call number Barcode Date last seen Copy number Method of acquisition Koha item type Currency
Dewey Decimal Classification     JCC Rouf Library JCC Rouf Library General Stacks   100.00   301.295492 HOL 2004 19366 05/23/2024 C-1 Purchase Books BDT

JCC Library | Contacts | JCC Home

Last Update on 23 September 2017
Copyright @ 2017-2020 JCC Rouf Library
Rouf Library, Jhenidah Cadet College (JCC), Bangladesh